| 000 | 01623nam0a2200349 4500 | ||
|---|---|---|---|
| 001 | RU\NLR\bibl\1702428 | ||
| 005 | 20260405190856.0 | ||
| 010 |
_a978-5-98941-112-2 _91000 |
||
| 021 |
_aRU _b2010-79010 _95269 |
||
| 035 | _a(nilc)RSL-KNO-004747000 | ||
| 035 | _a(NLR Aleph) 001693498 | ||
| 090 |
_a1175622 _c1175622 |
||
| 100 | _a20101018d2011 |||y0rusy50 ca | ||
| 101 | 0 | _arus | |
| 102 | _aRU | ||
| 105 | _ay zzzz||||| | ||
| 200 | 1 |
_aКомпаративный анализ понятия "групповое преступление" _fС. В. Алексеев _gМ-во транспорта Российской Федерации, Федеральное агентство железнодорожного транспорта, Гос. образовательное учреждение высш. проф. образования "Самарский гос. ун-т путей сообщения" |
|
| 210 |
_aСамара _cСамарский гос. ун-т путей сообщения _d2011 [т. е. 2010] |
||
| 215 |
_a228 с. _d21 |
||
| 300 | _aКн. фактически изд. в 2010 г. | ||
| 606 | 1 |
_aГрупповые преступления _91027539 _3RU\NLR\auth\66393531 |
|
| 686 |
_aХ628.101.7,0 _2rubbk |
||
| 686 | _aХ628.101.7 | ||
| 686 | _aХ881.017 | ||
| 700 | 1 |
_4070 _8rus _7ca _aАлексеев _bС.В. _cканд. юрид. наук _gСергей Владимирович _3RU\NLR\auth\7782984 _965912 |
|
| 801 | 0 |
_aRU _bРГБ _c20101018 _grcr |
|
| 801 | 1 |
_aRU _bРГБ _c20101018 |
|
| 801 | 2 |
_aRU _bNLR _c20101119 _grcr |
|
| 942 | _cBOOK | ||
| 980 | _aNB | ||
| 980 | _aNBR | ||